Southville International School and Colleges
Your cart is empty.
  • Cart
  • Lists
    Public lists Eva Luna New books Lux_list list_1
    Your lists Log in to create your own lists
  • Log in to your account
  • Your cookies
  • Search history
Southville International School and Colleges
  • Advanced search
  • Recent comments
  • Most popular
  • Libraries

Log in to your account

Log in with GOOGLE


If you do not have an external account, but do have a local account, you can still log in:

  1. Home
  2. MARC view: The rise of nine /
Normal view MARC view ISBD view

The rise of nine / (Record no. 287852)

[ view plain ]
MARC details
000 -LEADER
fixed length control field 00441nam a2200157Ia 4500
008 - FIXED-LENGTH DATA ELEMENTS--GENERAL INFORMATION
fixed length control field 150610s9999 xx 000 0 und d
020 ## - INTERNATIONAL STANDARD BOOK NUMBER
International Standard Book Number 9780061974588
050 ## - LIBRARY OF CONGRESS CALL NUMBER
Classification number PZ7
Item number .L885r 2012  
100 ## - MAIN ENTRY--PERSONAL NAME
Personal name Lore, Pittacus
245 #4 - TITLE STATEMENT
Title The rise of nine /
Statement of responsibility, etc Pittacus Lore.
250 ## - EDITION STATEMENT
Edition statement 1st ed.
260 ## - PUBLICATION, DISTRIBUTION, ETC. (IMPRINT)
Place of publication, distribution, etc New York :
Name of publisher, distributor, etc Harper Collins,
Date of publication, distribution, etc 2012.
300 ## - PHYSICAL DESCRIPTION
Extent 360pages ;
Dimensions 21 cm.
440 ## - SERIES STATEMENT/ADDED ENTRY--TITLE
Title Lorien Legacies; bk. 3
Volume number/sequential designation v.3
520 ## - SUMMARY, ETC.
Summary, etc Fiction.
Holdings
Withdrawn status Lost status Damaged status Home library Current library Shelving location Date acquired Total Checkouts Full call number Barcode Date last seen Price effective from Koha item type
      Stonyhurst Southville International School (Batangas) Stonyhurst Southville International School (Batangas) High School Section 06/10/2015   PZ7 .L885r 2012   US-1774 06/10/2015   Books

The rise of nine /

APA

Lore P., . (2012). The rise of nine. New York: Harper Collins.

Chicago

Lore Pittacus, . 2012. The rise of nine. New York: Harper Collins.

Harvard

Lore P., . (2012). The rise of nine. New York: Harper Collins.

MLA

Lore Pittacus, . The rise of nine. New York: Harper Collins. 2012.

  • Place hold
  • Print
  • Cite
  • Add to your cart (remove)
  • Save record
    BIBTEX Dublin Core MARCXML MARC (non-Unicode/MARC-8) MARC (Unicode/UTF-8) MARC (Unicode/UTF-8, Standard) MODS (XML) RIS
  • More searches
    Search for this title in:
    Other Libraries (WorldCat) Other Databases (Google Scholar) Online Stores (Bookfinder.com) Open Library (openlibrary.org)

Exporting to Dublin Core...

SOUTHVILLE LIBRARY

Southville International School and Colleges Library

1281 Tropical Ave. Cor. Luxembourg St., BF Homes International, Las Pinas City

Tel. No. 8256374 / 252358 Loc. 117/146

Powered by Koha